| 000 | 01064pam a2200349 a 4500 | ||
|---|---|---|---|
| 001 | 2125133 | ||
| 003 | OSt | ||
| 005 | 20140310184452.0 | ||
| 008 | 970606s1998 nyua b 001 0 eng | ||
| 010 | _a 97023299 | ||
| 020 | _a0516208039 | ||
| 040 |
_aDLC _cDLC _dDLC |
||
| 042 | _alcac | ||
| 050 | 0 | 0 |
_aQL 950.6 _b.F68 1998 |
| 082 | 0 | 0 | _a591.47 |
| 100 | 1 |
_aFowler, Allan. _923714 |
|
| 245 | 1 | 0 |
_aTelling tails / _cby Allan Fowler. |
| 260 |
_aNew York : _bChildren's Press, _c1998. |
||
| 300 |
_a31 p. : _bcol. ill. ; _c19 cm. |
||
| 440 | 0 |
_aRookie read-about science _923715 |
|
| 500 | _aIncludes index. | ||
| 521 | _aG3 | ||
| 526 | _c520 | ||
| 650 | 0 |
_aTail _vJuvenile literature. _928114 |
|
| 650 | 1 |
_aTail. _928115 |
|
| 650 | 1 |
_aAnimals _xHabits and behavior. _928116 |
|
| 906 |
_a7 _bcbc _corignew _d1 _eocip _f19 _gy-gencatlg |
||
| 942 |
_2lcc _cBK-SCHOLAS |
||
| 999 |
_c34599 _d34599 |
||